| 000 | 00810cam a22002655a 4500 | ||
|---|---|---|---|
| 999 |
_c26825 _d26797 |
||
| 001 | 4616327 | ||
| 005 | 20180719143138.0 | ||
| 008 | 700330s1968 enk frb 000 0 eng d | ||
| 010 | _a 77353932 | ||
| 015 | _aB68-12389 | ||
| 020 | _a0269993401 | ||
| 040 |
_aDLC _beng _cDLC _dDLC _dEG-ScBUE |
||
| 082 | 0 | 4 |
_a381.34 _bMAR _222 |
| 100 | 1 |
_aMartin, John, _d1940 April 6- |
|
| 245 | 1 | 4 |
_aThe consumer interest / _cJohn Martin and George W. Smith. |
| 250 | _a1st ed. | ||
| 260 |
_aLondon : _bPall Mall Press, _c1968. |
||
| 300 |
_aviii, 280 p. ; _c22 cm. |
||
| 504 | _aIncludes bibliographical references and index. | ||
| 650 | 7 |
_aConsumer protection _zGreat Britain. _2BUEsh |
|
| 651 | _2BUEsh | ||
| 653 |
_bBUSADM _bGGEN _cJuly2018 |
||
| 700 | 1 |
_aSmith, George W. _q(George William), _d1936- |
|
| 942 | _2ddc | ||